| 000 | 01050nam a2200289Ia 4500 | ||
|---|---|---|---|
| 001 | u23148 | ||
| 003 | SIRSI | ||
| 005 | 20180219123755.0 | ||
| 007 | he|amb|||bacu | ||
| 008 | 011122s1992 ua a bb 000 0 eng d | ||
| 039 | 9 |
_a200207201403 _bsaid _y200203190956 _zload |
|
| 040 | _aEAL. | ||
| 090 |
_aThesis _bS-4200 |
||
| 100 | 1 | _aELkashlan, Ibrahim Hani Saad ELdin Fathi. | |
| 245 | 1 | 0 |
_aStudies on some insects associated with stored products _h[microform] / _cIbrahim Hani Saad ELdin Fathi ELkashlan. |
| 260 | _c1992. | ||
| 300 |
_a176, 8 Leaves : _bill. ; _c30 cm. |
||
| 502 | _aThesis (Ph.D)--Alexandria University, 1992. | ||
| 504 | _aIncludes bibliographical refences (leaves [166]-176) | ||
| 533 |
_aMicrofiche. _bASUNET, _cAin Shams University, _e3 microfiches : negative. |
||
| 546 | _aSummary in Arabic. | ||
| 596 | _a1 | ||
| 650 | 0 |
_aFarm produce _xStorage _xDiseases and injuries. |
|
| 650 | 0 |
_aGrain _xStorage _xDiseases and injuries. |
|
| 650 | 0 | _aFood storage pests. | |
| 942 |
_cMIC _2lcc |
||
| 999 |
_c3636 _d3636 |
||